Normal view MARC view
  • ENGINEERING

Entry Topical Term

Number of records used in: 1

001 - CONTROL NUMBER

  • control field: 4301

003 - CONTROL NUMBER IDENTIFIER

  • control field: OSt

005 - DATE AND TIME OF LATEST TRANSACTION

  • control field: 20180519114532.0

008 - FIXED-LENGTH DATA ELEMENTS

  • fixed length control field: 180519|| aca||aabn | a|a d

040 ## - CATALOGING SOURCE

  • Original cataloging agency: OSt
  • Transcribing agency: OSt

150 ## - HEADING--TOPICAL TERM

  • Topical term or geographic name as entry element: ENGINEERING

670 ## - SOURCE DATA FOUND

  • Source citation: Work cat.: (OSt)5407: RAISINGANIA,DR M.D 3806, INTERAL EQUATIONS AND BOUNDARY VALVE PROBLEMS, 1988